000 00655nam a22002177a 4500
005 20251108164814.0
008 250721s2004 xx 000 0 ara d
082 1 4 _aط/928.11/قمي
100 1 _aقمير، يوحنا
_eمؤلف
245 1 0 _aقلاسفة العرب : أبو العلاء المعري /
250 _aط.4.
264 1 _aبيروت :
_bدار المشرق،
_c2004.
300 _a95ص.
490 0 _aفلاسفة العرب
650 1 7 _aالفلاسفه العرب
650 1 7 _aالشعراا العرب
650 1 7 _aالتراجم
653 _aناشاون كبار (15-18) سنه
942 _2ddc
_cBK
999 _c14817
_d14817